| 000 | 00373nam a22001577a 4500 | ||
|---|---|---|---|
| 005 | 20230706121614.0 | ||
| 008 | 230606b |||||||| |||| 00| 0 eng d | ||
| 082 |
_a621.3815 _bVAL-A |
||
| 100 | _aValkenburg:M.E.Van | ||
| 245 | _aAnalog Filter Design | ||
| 300 | _a608 | ||
| 500 | _aInclude Index | ||
| 650 | _aEngineering | ||
| 700 | _aM.E.Van Valkenburg | ||
| 999 |
_c18608 _d18608 |
||